Library Banner

Aftab Zanjan = آفتاب زنجان : سوانح حیات قطب الاقطاب حضرت سید شاہ حسین زنجانی المعروف حضرت سید میراں حسین زنجانی / (Record no. 127441)

MARC details
000 -LEADER
fixed length control field 00584nam a22001457a 4500
005 - DATE AND TIME OF LATEST TRANSACTION
control field 20220810113534.0
008 - FIXED-LENGTH DATA ELEMENTS--GENERAL INFORMATION
fixed length control field 220801b ||||| |||| 00| 0 eng d
040 ## - CATALOGING SOURCE
Transcribing agency PK-LaUMT
082 ## - DEWEY DECIMAL CLASSIFICATION NUMBER
Classification number APC 297.4092
Item number ALA-A
100 ## - MAIN ENTRY--PERSONAL NAME
Personal name Alam Faqari = عالم فقری
245 ## - TITLE STATEMENT
Title Aftab Zanjan = آفتاب زنجان : سوانح حیات قطب الاقطاب حضرت سید شاہ حسین زنجانی المعروف حضرت سید میراں حسین زنجانی /
Statement of responsibility, etc by Alam Faqari = عالم فقری
260 ## - PUBLICATION, DISTRIBUTION, ETC. (IMPRINT)
Place of publication, distribution, etc Lahore :
Name of publisher, distributor, etc Shabir Brothers,
Date of publication, distribution, etc 1994
300 ## - PHYSICAL DESCRIPTION
Extent 224 p.
942 ## - ADDED ENTRY ELEMENTS (KOHA)
Koha item type Books
Holdings
Withdrawn status Lost status Damaged status Home library Current library Date acquired Full call number Barcode Date last seen Price effective from Koha item type
      UMT Main Campus UMT Main Campus 2022-08-01 APC 297.4092 ALA-A 143309 2022-08-01 2022-08-01 Books